000 01230nam0a2200325 4500
001 RU\NLR\BIBL_A\011747381
005 20220124145649.0
010 _a978-5-227-07837-7
_92500
021 _aRU
_bКН-П-18-042988
_9КН-П-18-3109
035 _a(NLR Aleph) 011747381
035 _a(RuMoRGB)009658988
090 _a11610800
_c11610800
100 _a20180711d2018 u y0rusy50 ca
101 0 _arus
102 _aRU
105 _aa|||g|||000zy
200 1 _aВсе чемпионаты мира по футболу, 1930-2018
_eстраны, факты, финалы, герои
_eсправочник
_f[сост.: А. Р. Шавин]
210 _aМосква
_cЦентрполиграф
_d2018
215 _a222, [1] с.
_cил., табл.
_d20
333 _a12+
606 1 _aЧемпионаты мира по футболу
_jСправочники
_92113302
_3RU\NLR\AUTH\661580450
686 1 _aЧ515.784(0)930я2
702 1 _aШавин
_bА. Р.
_4220
711 0 2 _aЧемпионат мира по футболу
_9596343
_3RU\NLR\AUTH\880467178
942 _cBOOK
980 _aNBR
980 _aNB